Poemas de mi resistencia / (Record no. 83454)

MARC details
000 -LEADER
campo de control de longitud fija 00637nam a2200217 i 4500
001 - NÚMERO DE CONTROL
campo de control 83454
003 - IDENTIFICADOR DE NÚMERO DE CONTROL
campo de control ES-MaACL
005 - FECHA Y HORA DE LA ÚLTIMA TRANSACCIÓN
campo de control 20230906174829.0
007 - CAMPO FIJO DE DESCRIPCIÓN FÍSICA--INFORMACIÓN GENERAL
campo de control de longitud fija t|
008 - DATOS DE LONGITUD FIJA--INFORMACIÓN GENERAL
campo de control de longitud fija 041117s1967 sp ||||1| spa d
100 1# - ENTRADA PRINCIPAL--NOMBRE DE PERSONA
Nombre de persona Irizarry, Edilberto.
9 (RLIN) 65484
245 10 - MENCIÓN DEL TÍTULO
Título Poemas de mi resistencia /
Mención de responsabilidad, etc. Edilberto Irizarry.
260 ## - PUBLICACIÓN, DISTRIBUCIÓN, ETC.
Lugar de publicación, distribución, etc. Madrid :
Nombre del editor, distribuidor, etc. [s.n.,
Fecha de publicación, distribución, etc. 1967]
300 ## - DESCRIPCIÓN FÍSICA
Extensión 61 p. ;
Dimensiones 17 cm.
852 ## - LOCALIZACIÓN
Ubicación ES-MaACL
Número de control de estantería E-2459
Sublocalización o colección R.62690
852 ## - LOCALIZACIÓN
Ubicación ES-MaACL
Número de control de estantería E-2460
Sublocalización o colección R.62907
852 ## - LOCALIZACIÓN
Ubicación ES-MaACL
Número de control de estantería E-2461
Sublocalización o colección R.62908
852 ## - LOCALIZACIÓN
Ubicación ES-MaACL
Número de control de estantería E-2462
Sublocalización o colección R.62906
852 ## - LOCALIZACIÓN
Ubicación ES-MaACL
Número de control de estantería C-32008
Sublocalización o colección R.62689
852 ## - LOCALIZACIÓN
Ubicación ES-MaACL
Número de control de estantería 2054-F-20
Sublocalización o colección R.62691
Holdings
Estatus retirado Estado de pérdida Estado de daño No para préstamo Colección Biblioteca de origen Biblioteca actual Ubicación en estantería Fecha de adquisición Fuente de adquisición Total de préstamos Signatura topográfica completa Código de barras Visto por última vez Precio de reemplazo Tipo de ítem Koha
        Colección de folletos Biblioteca del Ateneo de Madrid Biblioteca del Ateneo de Madrid Depósito folletos 17/01/2008     2054-F-20 1087225 23/02/2023 23/02/2023 Folleto
          Biblioteca del Ateneo de Madrid Biblioteca del Ateneo de Madrid Depósito 2 17/01/2008     E-2459 1087220 23/02/2023 23/02/2023 Libro impreso
          Biblioteca del Ateneo de Madrid Biblioteca del Ateneo de Madrid Depósito 2 17/01/2008     E-2460 1087221 23/02/2023 23/02/2023 Libro impreso
          Biblioteca del Ateneo de Madrid Biblioteca del Ateneo de Madrid Depósito 2 17/01/2008     E-2461 1087222 23/02/2023 23/02/2023 Libro impreso
          Biblioteca del Ateneo de Madrid Biblioteca del Ateneo de Madrid Depósito 2 17/01/2008     E-2462 1087223 23/02/2023 23/02/2023 Libro impreso
          Biblioteca del Ateneo de Madrid Biblioteca del Ateneo de Madrid Depósito 2 17/01/2008     C-32008 1087224 23/02/2023 23/02/2023 Libro impreso